| 000 | 01323nam a2200325 a 4500 | ||
|---|---|---|---|
| 001 | ebr10089774 | ||
| 003 | CaPaEBR | ||
| 006 | m u | ||
| 007 | cr cn||||||||| | ||
| 008 | 031007r20041980ne sb 001 0 eng | ||
| 020 | _z9004135987 (alk. paper) | ||
| 040 |
_aCaPaEBR _cCaPaEBR |
||
| 035 | _a(OCoLC)60810211 | ||
| 050 | 1 | 4 |
_aBT738 _b.S62 2004eb |
| 082 | 0 | 4 |
_a264.5 _222 |
| 245 | 0 | 0 |
_aSociology and theology _h[electronic resource] : _balliance and conflict / _cedited by David Martin, John Orme Mills, and William S.F. Pickering. |
| 260 |
_aLeiden ; _aBoston : _bBrill, _cc2004. |
||
| 300 | _ax, 219 p. | ||
| 500 | _aOriginally published: New York : St. Martin's Press, c1980. | ||
| 504 | _aIncludes bibliographical references (p. [209]-215) and index. | ||
| 533 |
_aElectronic reproduction. _bPalo Alto, Calif. : _cebrary, _d2013. _nAvailable via World Wide Web. _nAccess may be limited to ebrary affiliated libraries. |
||
| 650 | 0 | _aChristian sociology. | |
| 650 | 0 | _aReligion and sociology. | |
| 655 | 7 |
_aElectronic books. _2local |
|
| 700 | 1 |
_aMartin, David, _d1929- |
|
| 700 | 1 | _aMills, John Orme. | |
| 700 | 1 | _aPickering, W. S. F. | |
| 710 | 2 | _aebrary, Inc. | |
| 856 | 4 | 0 |
_uhttp://site.ebrary.com/lib/rucke/Doc?id=10089774 _zAn electronic book accessible through the World Wide Web; click to view |
| 999 |
_c69662 _d69662 |
||